Statistiques concernant ils ont joué ces personnages célèbres

Cliquez ici pour prendre le quiz!

Statistiques générales

  • Ce quiz a été pris 141 fois
  • Le résultat moyen est 6 sur 20

Statistiques - réponses

annéepersonnageacteur/actrice% Correct
2010le chapelier foujohnny depp
77%
2001hermione jean grangeremma watson
62%
1996eva peronmadonna
53%
1986le papetyves montand
46%
1991emma bovaryisabelle huppert
34%
2014noérussell crowe
31%
1991clarice sterlingjodie foster
30%
1939scarlett o'haravivian leigh
30%
1992draculagary oldman
29%
1997raymond aubracdaniel auteuil
28%
1980jack torrancejack nicholson
28%
2010brigitte bardotlaetitia casta
24%
1990jim morrisonval kilmer
24%
2000patrick batemanchristian bale
23%
1967clyde barrowwarren beatty
21%
2012fantineanne hathaway
19%
2004folcochecatherine frot
19%
1990roxanneanne brochet
17%
1999george sandjuliette binoche
17%
2005katharine hepburncate blanchett
12%

Distribution des résultats

Percentile par nombre de réponses

% des personnes avec chaque résultat

Votre développement - résultats

Vous n’avez pas pris ce quiz